000 00306nam a2200133Ia 4500
005 20251222144903.0
008 251222s9999||||xx |||||||||||||| ||spa||
020 _a84-244-0494-7
082 _a615.782.2/F83/Ej.2
100 _aFreixa, F.
245 0 _aToxicomanias:
264 _bFontanella
942 _cLIB
999 _c22046
_d22046